Tipologie di Governo - Statistics

Statistiche generali
  • Questo quiz è stato fatto 114 volte
  • Il punteggio medio è 9 su 46
Statistiche sulle risposte
Risposta % Corretto
12 Monarchia
97%
17 Repubblica
92%
8 Dittatura
77%
4 Democrazia
57%
20 Repubblica Parlamentare
53%
21 Repubblica Presidenziale
51%
14 Monarchia Costituzionale
50%
13 Monarchia Assoluta
48%
25 Teocrazia
48%
16 Monarchia Parlamentare
37%
1 Anarchia
35%
22 Repubblica Semipresidenziale
35%
29 Comunismo
26%
11 Diarchia
20%
28 Fascismo
20%
3 Aristocrazia
19%
2 Autarchia
19%
27 Nazismo
16%
30 Socialismo
15%
37 Federazione
14%
33 Plutocrazia
14%
15 Monarchia Elettiva
13%
9 Tirannia
12%
19 Repubblica islamica
7%
38 Tecnocrazia
7%
41 Meritocrazia
6%
23 Repubblica Socialista
6%
18 Repubblica Direttoriale
5%
44 Burocrazia
3%
5 Democrazia Diretta
3%
36 Matriarcato
3%
35 Patriarcato
3%
39 Cleptocrazia
2%
26 Demagogia
2%
46 Dispotismo illuminato
2%
32 Oclocrazia
2%
6 Democrazia Partecipativa
1%
7 Democrazia Rappresentativa
1%
42 Gerontocrazia
1%
10 Oligarghia
1%
43 Partitocrazia
1%
40 Stratocrazia
1%
34 Androcrazia
0%
24 Elitismo
0%
31 Premierato
0%
45 Sistema Westminster
0%
Nessun quiz corrispondente trovato
Distribuzione punteggi
Percentuale di utenti per punteggio
Percentile per numero di risposta
I tuoi punteggi nel tempo
Non hai fatto questo quiz